[Event "Nelson Mandela"]
[Site "SchemingMind.com"]
[Date "2013.12.23"]
[Round "-"]
[White "alexyongpohweng"]
[Black "Mekk"]
[Result "0-1"]
[WhiteCountry "MAS"]
[BlackCountry "POL"]
[WhiteElo "1303"]
[WhiteRD "45"]
[BlackElo "1783"]
[BlackRD "88"]
[GameID "344147"]

1. e4 c5 2. Bc4 Nc6 3. Nf3 d6 4. h3 g6 5. O-O Bg7 6. Nc3 Nf6 7. a3 O-O 8. d3 a6 9. Bg5 b5 10. Ba2 Qc7
11. Bxf6 Bxf6 12. Ne2 Bb7 13. c3 Rad8 14. Rb1 e6 15. b4 cxb4 16. cxb4 Ne5 17. Nxe5 dxe5 18. Rc1 Qd7 19. Ng3 Qxd3 20. Qxd3 Rxd3
21. Rfd1 Rxa3 22. Bb1 Rb3 23. Ba2 Rxb4 24. Rb1 Rxb1 25. Rxb1 Rd8 26. Rc1 Rd7 27. f3 Bd8 28. Ne2 Bb6+ 29. Kf1 Kf8 30. Rb1 Ke7
31. Nc3 Bd4 32. Ne2 Kd8 33. Nxd4 exd4 34. Ke2 e5 35. Kd3 Rc7 36. Rf1 Ke7 37. Rb1 Bc8 38. Bd5 Be6 39. Bxe6 Kxe6 40. Ra1 Rc6
41. Kd2 Kd6 42. g3 Kc7 43. Rc1 Rxc1 44. Kxc1 Kc6 45. Kc2 Kc5 46. Kd3 a5 47. Kc2 Kc4 48. Kc1 Kc3 49. Kd1 a4 50. Kc1 d3
0-1

[Event "Nelson Mandela"]
[Site "SchemingMind.com"]
[Date "2013.12.23"]
[Round "-"]
[White "Mekk"]
[Black "alexyongpohweng"]
[Result "1-0"]
[WhiteCountry "POL"]
[BlackCountry "MAS"]
[WhiteElo "1803"]
[WhiteRD "95"]
[BlackElo "1329"]
[BlackRD "44"]
[GameID "344151"]

1. c4 c5 2. g3 Nc6 3. Bg2 Nf6 4. Nf3 g6 5. O-O Bg7 6. Nc3 O-O 7. a3 b6 8. b4 cxb4 9. axb4 Nxb4 10. Ba3 a5
11. Bxb4 axb4 12. Rxa8 bxc3 13. dxc3 Qc7 14. Qd3 Bb7 15. Rxf8+ Kxf8 16. Rd1 Bxf3 17. Bxf3 d6 18. Ra1 e6 19. Ra6 Nd7 20. h4 Nc5
21. Ra8+ Ke7 22. Qc2 e5 23. Bd5 Nd7 24. Qa4 Kf6 25. Ra7 Qd8 26. Rxd7 Qb8 27. Rxf7#
1-0

[Event "Nelson Mandela"]
[Site "SchemingMind.com"]
[Date "2013.12.28"]
[Round "-"]
[White "emvarela"]
[Black "wight knight"]
[Result "1-0"]
[WhiteCountry "ARG"]
[BlackCountry "ENG"]
[WhiteElo "1683"]
[WhiteRD "48"]
[BlackElo "1328"]
[BlackRD "57"]
[GameID "344229"]

1. e4 e5 2. Nf3 f6 3. d4 exd4 4. Nxd4 Bc5 5. Qh5+ g6 6. Qxc5 d6 7. Qc4 Qe7 8. Nc3 c6 9. Be3 b5 10. Ndxb5 cxb5
11. Nxb5 Kd8 12. O-O-O Ba6 13. Qc5 Nd7 14. Qc7+ Ke8 15. Nxd6+ Kf8 16. Bxa6 Rd8 17. Nc8 Qxe4 18. Qxd8+ Kg7 19. Rxd7+ Ne7 20. Rxe7+ Qxe7
21. Qxe7+ Kg8 22. Bc4#
1-0

[Event "Nelson Mandela"]
[Site "SchemingMind.com"]
[Date "2013.12.28"]
[Round "-"]
[White "wight knight"]
[Black "emvarela"]
[Result "0-1"]
[WhiteCountry "ENG"]
[BlackCountry "ARG"]
[WhiteElo "1297"]
[WhiteRD "59"]
[BlackElo "1674"]
[BlackRD "46"]
[GameID "344236"]

1. e4 e5 2. Bc4 c6 3. d3 Nf6 4. f3 d5 5. exd5 cxd5 6. Bb3 Be6 7. Bg5 Be7 8. Bxf6 Bxf6 9. Ne2 Nc6 10. c3 O-O
11. O-O Qb6+ 12. d4 exd4 13. cxd4 Nxd4 14. Nxd4 Qxd4+ 15. Qxd4 Bxd4+ 16. Kh1 Bxb2 17. Nd2 Bxa1 18. Rxa1 Rac8 19. h4 Rc7 20. a4 Rfc8
21. Kh2 Rc3 22. a5 Rd3 23. Rd1 d4 24. Bxe6 fxe6 25. Ne4 Rxd1 26. Ng5 e5 27. Ne4 d3 28. Nf2 Rd2 29. Ng4 Rcc2 30. Nxe5 Rxg2+
31. Kh3 Rh2+ 32. Kg4 Rcg2+ 33. Kf4 d2 34. Ng4 Rxh4 35. a6 bxa6 36. Kg5 Rhxg4+ 37. Kh5 g6+ 38. Kh6 Rh2#
0-1

[Event "Nelson Mandela"]
[Site "SchemingMind.com"]
[Date "2013.12.25"]
[Round "-"]
[White "ray winteringham"]
[Black "cnile"]
[Result "1-0"]
[WhiteCountry "ENG"]
[BlackCountry "SCO"]
[WhiteElo "1405"]
[WhiteRD "55"]
[BlackElo "1472"]
[BlackRD "62"]
[GameID "344336"]

1. e4 e6 2. d4 d5 3. exd5 exd5 4. Nf3 Bd6 5. h3 Ne7 6. Bd3 Nd7 7. O-O O-O 8. Be3 Re8 9. c3 Nf8 10. Nbd2 Neg6
11. Qc2 c6 12. Bg5 f6 13. Be3 Be6 14. Rfe1 Qd7 15. b4 Rad8 16. a4 a6 17. a5 Kh8 18. c4 dxc4 19. Bxc4 Bf5 20. Qb3 Be6
21. Bxe6 Nxe6 22. Red1 Nef4 23. Bxf4 Bxf4 24. Nc4 Bc7 25. Re1 Nf4 26. Ne3 Nd5 27. Rab1 Nxe3 28. Rxe3 Bf4 29. Ree1 Qc7 30. g3 Bd6
31. Kg2 f5 32. Ng5 Rf8 33. Ne6 Qf7 34. Nxf8 Qxb3 35. Rxb3 Rxf8 36. Re6 Bb8 37. Rbe3 Ba7 38. Re8 Bxd4 39. Rxf8#
1-0

[Event "Nelson Mandela"]
[Site "SchemingMind.com"]
[Date "2013.12.25"]
[Round "-"]
[White "cnile"]
[Black "ray winteringham"]
[Result "1-0"]
[WhiteCountry "SCO"]
[BlackCountry "ENG"]
[WhiteElo "1472"]
[WhiteRD "62"]
[BlackElo "1405"]
[BlackRD "55"]
[GameID "344345"]

1. Nf3 g6 2. e4 Bg7 3. d4 e6 4. Nc3 Ne7 5. Be3 O-O 6. Qd2 d6 7. Bd3 Nbc6 8. O-O-O f5 9. exf5 exf5 10. Bh6 Nb4
11. Bxg7 Kxg7 12. Kb1 b6 13. a3 Nbc6 14. Ng5 Nxd4 15. Ba6 Bxa6 16. Qxd4+ Rf6 17. Ne6+
1-0

[Event "Nelson Mandela"]
[Site "SchemingMind.com"]
[Date "2014.01.03"]
[Round "-"]
[White "Simon Green"]
[Black "reo"]
[Result "0-1"]
[WhiteCountry "ENG"]
[BlackCountry "THA"]
[WhiteElo "1587"]
[WhiteRD "53"]
[BlackElo "1942"]
[BlackRD "90"]
[GameID "344501"]

1. d4 d5 2. e3 Nf6 3. Bd3 Nc6 4. f4 Bg4 5. Nf3 e6 6. O-O Bd6 7. Nbd2 h6 8. Qe1 Nb4 9. Ne5 O-O 10. Qg3 Bf5
11. Bxf5 exf5 12. c3 Nc6 13. h3 Ne7 14. b4 Ng6 15. Nxg6 fxg6 16. Qxg6 Qe7 17. Nf3 Ne4 18. Ne5 Rf6 19. Qh5 Ng3 20. Qf3 Nxf1
21. Qxf1 Raf8 22. Qb5 Bxe5 23. Qxd5+ Re6 24. fxe5 c6 25. Qf3 Rg6 26. e4 fxe4 27. Qxe4 Rg3 28. Bd2 Qf7 29. Qe2 Qe6 30. a4 Qxh3
31. Rf1 Rxf1+ 32. Qxf1 Qg4 33. Bf4 Rxc3 34. Qe1 Rd3 35. Qf2 Qh5 36. Be3 Rd1+
0-1

[Event "Nelson Mandela"]
[Site "SchemingMind.com"]
[Date "2014.01.03"]
[Round "-"]
[White "reo"]
[Black "Simon Green"]
[Result "1-0"]
[WhiteCountry "THA"]
[BlackCountry "ENG"]
[WhiteElo "1942"]
[WhiteRD "90"]
[BlackElo "1587"]
[BlackRD "53"]
[GameID "344505"]

1. e4 e6 2. d4 d5 3. Nc3 Nf6 4. e5 Nfd7 5. Qg4 f5 6. Qg3 g6 7. Bg5 Be7 8. Nf3 Nc6 9. O-O-O b6 10. h4 Bxg5+
11. Nxg5 Qe7 12. Nb5 Nf8 13. Rd3 a6 14. Ra3 a5 15. Qe3 h6 16. Nf3 Ba6 17. Qc3 Bb7 18. h5 g5 19. g4 f4 20. Kb1 Nb4
21. Nxc7+ Kd7 22. Bb5+ Nc6 23. Nxa8 Bxa8 24. Rb3 Nh7 25. Bxc6+ Bxc6 26. Rxb6 Ra8 27. Qxc6+
1-0

[Event "Nelson Mandela"]
[Site "SchemingMind.com"]
[Date "2013.12.31"]
[Round "-"]
[White "Ronald R. Nurmi"]
[Black "Scooter"]
[Result "0-1"]
[WhiteCountry "USA"]
[BlackCountry "USA"]
[WhiteElo "1671"]
[WhiteRD "80"]
[BlackElo "1674"]
[BlackRD "49"]
[GameID "344573"]

1. d4 Nf6 2. Bg5 Ne4 3. Bf4 d6 4. Nd2 Nxd2 5. Qxd2 g6 6. Nf3 Bg7 7. e4 O-O 8. Bh6 Bg4 9. h3 Bxf3 10. gxf3 Re8
11. Bxg7 Kxg7 12. O-O-O e5 13. f4 exf4 14. Qxf4 Nd7 15. f3 Qf6 16. Qe3 a6 17. h4 c5 18. dxc5 Nxc5 19. Bc4 b5 20. Bd5 Na4
21. Bxa8 Qxb2+ 22. Kd2 Qb4+ 23. c3 Qb2+ 24. Ke1 Rxa8 25. Qd4+ Kg8 26. Qxd6 Qxc3+ 27. Kf1 Qxf3+ 28. Kg1 Nc3 29. Rd3 Ne2+ 30. Kh2 Qf2+
31. Kh3 Nf4+
0-1

[Event "Nelson Mandela"]
[Site "SchemingMind.com"]
[Date "2013.12.31"]
[Round "-"]
[White "Scooter"]
[Black "Ronald R. Nurmi"]
[Result "1-0"]
[WhiteCountry "USA"]
[BlackCountry "USA"]
[WhiteElo "1674"]
[WhiteRD "49"]
[BlackElo "1671"]
[BlackRD "80"]
[GameID "344579"]

1. d4 Nf6 2. Nf3 g6 3. Bf4 Bg7 4. e3 d6 5. h3 O-O 6. Bd3 Nbd7 7. O-O Re8 8. Nbd2 e5 9. dxe5 dxe5 10. Bg5 h6
11. Bxf6 Nxf6 12. Ne4 Nd7 13. Ned2 Nc5 14. Ne4 Nxd3 15. cxd3 Be6 16. Nc5 Bd5 17. e4 Bc6 18. Rc1 Rb8 19. b4 Re7 20. a4 Qd6
21. Qb3 b6 22. Na6 Rd8 23. b5 Bb7 24. Nb4 Rc8 25. Nc6 Bxc6 26. Rxc6 Qd8 27. Rfc1 Rd7 28. Rxg6 Rxd3 29. Qc4 Kf8 30. Rc6 Rd7
31. Qc3 f6 32. Nh4 Kf7 33. Qc4+
1-0

[Event "Nelson Mandela"]
[Site "SchemingMind.com"]
[Date "2014.01.02"]
[Round "-"]
[White "clare1347"]
[Black "Diophantus"]
[Result "0-1"]
[WhiteCountry "ENG"]
[BlackCountry "ENG"]
[WhiteElo "2048"]
[WhiteRD "83"]
[BlackElo "1788"]
[BlackRD "132"]
[GameID "344667"]

1. e4 e5 2. f4 d5 3. exd5 exf4 4. Qf3 Nf6 5. Nc3 Be7 6. Bc4 O-O 7. d3 Bg4 8. Qxf4 Re8 9. Kf1 Nbd7 10. Nf3 Bd6
11. Qd2 Ne5 12. Nxe5 Rxe5 13. d4 Rf5+ 14. Kg1 Qe7 15. Qe3 Re5 16. Qd2 Re8 17. dxe5 Bc5+ 18. Kf1 Qxe5 19. Bb5 Nh5 20. Bxe8 Qf6+
21. Ke1 Qh4+ 22. Kf1 Ng3+
0-1

[Event "Nelson Mandela"]
[Site "SchemingMind.com"]
[Date "2014.01.02"]
[Round "-"]
[White "Phillip Beckett"]
[Black "nofischer"]
[Result "1-0"]
[WhiteCountry "ENG"]
[BlackCountry "USA"]
[WhiteElo "1517"]
[WhiteRD "50"]
[BlackElo "1519"]
[BlackRD "86"]
[GameID "344668"]

1. e4 c5 2. Nf3 d6 3. d4 cxd4 4. Nxd4 e5 5. Nb5 a6 6. N5c3 Nc6 7. Nd5 Nge7 8. Nbc3 Be6 9. Be2 g6 10. O-O Bg7
11. a3 Nd4 12. Be3 O-O 13. Nxe7+ Qxe7 14. Bxd4 Rad8 15. Bb6 Rc8 16. Kh1 Rc6 17. Be3 f5 18. exf5 Bxf5 19. Bf3 Rc4 20. Nd5 Qd8
21. c3 e4 22. Be2 Rc8 23. Nb6 Rc6 24. Nd5 h5 25. Bb6 Qd7 26. Be3 Be5 27. Nb4 Rcc8 28. Nd5 Rc6 29. Nb6 Qh7 30. Qd5+ Kh8
31. Nc4 Bg4 32. Bxg4 hxg4 33. g3 Rf5 34. Nxe5 Rxe5 35. Bd4 Qh5 36. Bxe5+ Qxe5 37. Qxe5+
1-0

[Event "Nelson Mandela"]
[Site "SchemingMind.com"]
[Date "2014.01.06"]
[Round "-"]
[White "Diophantus"]
[Black "clare1347"]
[Result "0-1"]
[WhiteCountry "ENG"]
[BlackCountry "ENG"]
[WhiteElo "1788"]
[WhiteRD "132"]
[BlackElo "2048"]
[BlackRD "83"]
[GameID "344672"]

1. d4 d5 2. c4 c6 3. Nf3 Nf6 4. cxd5 cxd5 5. Nc3 e6 6. Bf4 Bd6 7. Bg3 O-O 8. e3 Nc6 9. Bd3 Nb4 10. Be2 Qe7
11. O-O Bxg3 12. hxg3 Nc6 13. Qb3 Rb8 14. a3 Bd7 15. Rfe1 b6 16. Rec1 Rfc8 17. Qd1 Na5 18. Ba6 Rc7 19. Ne5 b5 20. Nxd7 Qxd7
21. Bxb5 Qd8 22. Rab1 Nc4 23. Bxc4 Rxc4 24. b3 Rcc8 25. Na4 a5
0-1

[Event "Nelson Mandela"]
[Site "SchemingMind.com"]
[Date "2014.01.02"]
[Round "-"]
[White "nofischer"]
[Black "Phillip Beckett"]
[Result "1-0"]
[WhiteCountry "USA"]
[BlackCountry "ENG"]
[WhiteElo "1519"]
[WhiteRD "86"]
[BlackElo "1517"]
[BlackRD "50"]
[GameID "344673"]

1. e4 e5 2. f4 Qh4+ 3. g3 Qe7 4. Nc3 exf4 5. Nd5 Qxe4+ 6. Qe2 Qxe2+ 7. Bxe2 Kd8 8. gxf4 c6 9. Ne3 d5 10. d4 Bd6
11. Ng2 Nf6 12. Nf3 Bg4 13. O-O Nbd7 14. Bd2 Re8 15. Bd3 Ne4 16. Bxe4 dxe4 17. Ng5 e3 18. Nxe3 Bh5 19. Nc4 h6 20. Nxf7+ Bxf7
21. Nxd6 Bd5 22. Nxe8 Kxe8 23. Rae1+ Kf7 24. b3 Nf6 25. c4 Be6 26. f5 Bd7 27. h3 Re8 28. Rxe8 Bxe8 29. a4 Bd7 30. b4 Ne4
31. Bf4 Bxf5 32. Bb8 a6 33. Rxf5+
1-0

[Event "Nelson Mandela"]
[Site "SchemingMind.com"]
[Date "2014.01.03"]
[Round "-"]
[White "lollipophugo"]
[Black "Clive Everill"]
[Result "1-0"]
[WhiteCountry "AUS"]
[BlackCountry "CZE"]
[WhiteElo "1859"]
[WhiteRD "110"]
[BlackElo "1689"]
[BlackRD "56"]
[GameID "344859"]

1. d4 d5 2. c4 c6 3. Nc3 dxc4 4. e4 b5 5. a4 b4 6. Na2 Nf6 7. e5 Nd5 8. Bxc4 e6 9. Nf3 a5 10. Bg5 Qb6
11. Nc1 Ba6 12. Qe2 h6 13. Bd2 Bxc4 14. Qxc4 Nd7 15. Nb3 Be7 16. O-O O-O 17. Rac1 Rfc8 18. Be3 Qd8 19. Qe2 N7b6 20. Nfd2 Bg5
21. Bxg5 Qxg5 22. Ne4 Qg6 23. Nbc5 Nf4 24. Qf3 Nbd5 25. Rfd1 Ra7 26. Nd3 Nxd3 27. Rxd3 f5 28. exf6 gxf6 29. h3 Rg7 30. Ng3 Qh7
31. Nh5 Rg6 32. Qe4 f5 33. Qe5 Kf7 34. Rf3 Ne7 35. Qxa5 Qg8 36. Nf4 Rf6 37. Rg3 Qf8 38. Qxb4 Qd8 39. Qc5 Nd5 40. Nxd5 exd5
41. Re1 Rc7 42. b4 Qa8 43. b5 Qxa4 44. b6 Rb7 45. Ra3 Qb5 46. Ra7 Rxa7 47. bxa7 Qa6 48. Qe7+ Kg6 49. Qe8+
1-0

[Event "Nelson Mandela"]
[Site "SchemingMind.com"]
[Date "2014.01.06"]
[Round "-"]
[White "Don71"]
[Black "Mitch The Man"]
[Result "1-0"]
[WhiteCountry "NIR"]
[BlackCountry "USA"]
[WhiteElo "2283"]
[WhiteRD "102"]
[BlackElo "1400"]
[BlackRD "71"]
[GameID "344860"]

1. e4 e5 2. Nf3 d6 3. d4 Qe7 4. Nc3 Bd7 5. Nd5 Qd8 6. dxe5 Bc6 7. Bc4 b5 8. Be2 a6 9. Bg5 f6 10. exf6 Nxf6
11. e5 Be7 12. exf6 gxf6 13. Nd4 fxg5 14. Bh5+
1-0

[Event "Nelson Mandela"]
[Site "SchemingMind.com"]
[Date "2014.01.03"]
[Round "-"]
[White "maro"]
[Black "mespina"]
[Result "0-1"]
[WhiteCountry "MEX"]
[BlackCountry "ESP"]
[WhiteElo "1442"]
[WhiteRD "56"]
[BlackElo "2081"]
[BlackRD "82"]
[GameID "344861"]

1. e4 c5 2. Bc4 Nc6 3. Qf3 e6 4. b3 Nd4 5. Qd3 a6 6. Bb2 b5 7. Bxd4 bxc4 8. bxc4 cxd4 9. Qxd4 Qg5 10. g3 Bc5
11. Qc3 Nf6 12. Nf3 Qg4 13. Ne5 Qxe4+ 14. Kf1 Qxh1+ 15. Ke2 Qe4+ 16. Kf1 Bd4 17. d3 Qh1+
0-1

[Event "Nelson Mandela"]
[Site "SchemingMind.com"]
[Date "2014.01.03"]
[Round "-"]
[White "Clive Everill"]
[Black "lollipophugo"]
[Result "0-1"]
[WhiteCountry "CZE"]
[BlackCountry "AUS"]
[WhiteElo "1702"]
[WhiteRD "52"]
[BlackElo "1804"]
[BlackRD "120"]
[GameID "344870"]

1. e4 c5 2. Nf3 d6 3. Bb5+ Bd7 4. Bxd7+ Qxd7 5. O-O Nc6 6. c3 Nf6 7. d4 Nxe4 8. d5 Ne5 9. Nxe5 dxe5 10. Re1 Nd6
11. Rxe5 g6 12. Re1 Bg7 13. Bg5 Nf5 14. Na3 O-O-O 15. g4 h6 16. Bf4 g5 17. Bg3 Nxg3 18. hxg3 h5 19. Kg2 hxg4 20. Nc4 Rh6
21. Rh1 Rxh1 22. Qxh1 Qxd5+ 23. Kg1 Qxc4 24. Qh7 Bf6 25. Qf5+ Kb8 26. a4 Qd5 27. Qxg4 Rh8 28. f3 Qd2 29. Rf1 Qh2#
0-1

[Event "Nelson Mandela"]
[Site "SchemingMind.com"]
[Date "2014.01.05"]
[Round "-"]
[White "Mitch The Man"]
[Black "Don71"]
[Result "0-1"]
[WhiteCountry "USA"]
[BlackCountry "NIR"]
[WhiteElo "1414"]
[WhiteRD "70"]
[BlackElo "2271"]
[BlackRD "97"]
[GameID "344871"]

1. e4 e5 2. Nf3 Nc6 3. Bd3 Nf6 4. O-O Bc5 5. h3 O-O 6. c3 d5 7. b4 dxe4 8. bxc5 Qxd3 9. Ne1 Qc4 10. Ba3 Be6
11. Nc2 Nd5 12. Re1 Nf4 13. Ne3 Qa6 14. Rf1 f5 15. Kh2 Nd3 16. g3 f4 17. Ng2 fxg3+ 18. fxg3 Bxh3 19. Kxh3 Rxf1 20. Qb3+ Kh8
21. Kg4 Nf2+ 22. Kg5 h6+ 23. Kh5 Qe2+ 24. Kg6 Qg4+
0-1

[Event "Nelson Mandela"]
[Site "SchemingMind.com"]
[Date "2014.01.03"]
[Round "-"]
[White "mespina"]
[Black "maro"]
[Result "1-0"]
[WhiteCountry "ESP"]
[BlackCountry "MEX"]
[WhiteElo "2081"]
[WhiteRD "82"]
[BlackElo "1442"]
[BlackRD "56"]
[GameID "344872"]

1. e4 e5 2. Nf3 Nc6 3. Bc4 Nf6 4. Ng5 d5 5. exd5 Nxd5 6. Nxf7 Kxf7 7. Qf3+ Ke6 8. Nc3 Kd6 9. Qxd5+ Ke7 10. Qf7+ Kd6
11. Ne4#
1-0

[Event "Nelson Mandela"]
[Site "SchemingMind.com"]
[Date "2014.01.06"]
[Round "-"]
[White "A330"]
[Black "poisonpawn1"]
[Result "1-0"]
[WhiteCountry "ENG"]
[BlackCountry "ENG"]
[WhiteElo "2121"]
[WhiteRD "71"]
[BlackElo "1611"]
[BlackRD "80"]
[GameID "344974"]

1. e4 Nc6 2. d4 e6 3. Nf3 d5 4. e5 Nge7 5. Bd3 Nf5 6. c3 b6 7. Nbd2 Be7 8. b4 O-O 9. Qc2 h5 10. a4 Rb8
11. a5 a6 12. Nb3 Ra8 13. O-O Bd7 14. axb6 cxb6 15. Rxa6 Rxa6 16. Bxa6 Na7 17. Bd3 Nb5 18. Bd2 Qc7 19. Rc1 Na3 20. Qd1 Nc4
21. Bxf5 exf5 22. Bg5 Nb2 23. Qe2 Bxg5 24. Nxg5 f6 25. exf6 gxf6 26. Nh3 Nc4 27. Qxh5 Be6 28. Re1 Qf7 29. Qh4 Re8 30. Nf4 Bd7
31. Rxe8+ Bxe8 32. Qg3+ Qg7 33. Qxg7+ Kxg7 34. Nxd5 Bc6 35. Ne7 Be4 36. d5 b5 37. Nd4 Kf7 38. Nexf5 Bxd5 39. Nxb5 Kg6 40. Ne7+ Kg5
41. Nxd5 f5 42. Nd4 Ne5 43. f4+
1-0

[Event "Nelson Mandela"]
[Site "SchemingMind.com"]
[Date "2014.01.07"]
[Round "-"]
[White "Timaeus"]
[Black "harijs"]
[Result "0-1"]
[WhiteCountry "JPN"]
[BlackCountry "LAT"]
[WhiteElo "1478"]
[WhiteRD "75"]
[BlackElo "2179"]
[BlackRD "124"]
[GameID "344975"]

1. e4 c5 2. c4 Nc6 3. d3 d6 4. Be3 g6 5. Be2 Bg7 6. Nc3 Bxc3+ 7. bxc3 Qa5 8. Bd2 h6 9. Nf3 Bg4 10. O-O Nf6
11. h3 Bxf3 12. Bxf3 Qa6 13. Bg4 h5 14. Bf3 Nd7 15. Qe2 Nde5 16. Bg5 b6 17. Rab1 Rc8 18. Qe3 Qxa2 19. Rbd1 Qc2 20. d4 Nxc4
21. Qf4 Qxc3 22. d5 Nd4 23. Qg3 Ne5 24. Kh1 Nexf3 25. gxf3 Qxf3+ 26. Qg2 Qxg2+ 27. Kxg2 Kd7 28. Be3 Nb3 29. Rb1 c4 30. Bf4 a5
31. h4 a4 32. Bc1 c3 33. Re1 b5 34. e5 dxe5 35. Rxe5 c2 36. Rxb3 axb3 37. Re1 Rc3 38. Bb2 b4 39. Bxc3 bxc3 40. Rc1 b2
41. Rxc2 Rc8
0-1

[Event "Nelson Mandela"]
[Site "SchemingMind.com"]
[Date "2014.01.05"]
[Round "-"]
[White "poisonpawn1"]
[Black "A330"]
[Result "0-1"]
[WhiteCountry "ENG"]
[BlackCountry "ENG"]
[WhiteElo "1611"]
[WhiteRD "80"]
[BlackElo "2121"]
[BlackRD "71"]
[GameID "344977"]

1. d4 Nf6 2. Nf3 d5 3. Nc3 e6 4. Bf4 Bd6 5. e3 O-O 6. Qd2 Bxf4 7. exf4 b6 8. Bd3 Ba6 9. Bxa6 Nxa6 10. O-O c5
11. Ne5 Rc8 12. Nb5 Qe7 13. c3 Nb8 14. f3 a6 15. Na3 Ne8 16. Rfe1 Nd6 17. Nc2 Rfe8 18. a4 f6 19. Nd3 a5 20. b3 Qc7
21. Rec1 Qd7 22. Ne3 cxd4 23. cxd4 Nc6 24. Qb2 h5 25. h4 Ne7 26. Rxc8 Rxc8 27. Rc1 Nef5 28. Rxc8+ Qxc8 29. Kf2 Nxh4 30. g3 Ng6
31. Qc2 Qb7 32. g4 hxg4 33. Nxg4 Nf5 34. Qc3 Qb8 35. b4 axb4 36. Qxb4 Nxf4 37. Nxf4 Qxf4 38. Ne3 Qxe3+ 39. Kg2 Nxd4 40. Qxb6 Qxf3+
41. Kh2 Qf4+ 42. Kg2 Qg4+ 43. Kf2 Qf3+ 44. Kg1 Ne2+ 45. Kh2 Qg3+ 46. Kh1 Qh3#
0-1

[Event "Nelson Mandela"]
[Site "SchemingMind.com"]
[Date "2014.01.07"]
[Round "-"]
[White "harijs"]
[Black "Timaeus"]
[Result "1-0"]
[WhiteCountry "LAT"]
[BlackCountry "JPN"]
[WhiteElo "2177"]
[WhiteRD "120"]
[BlackElo "1485"]
[BlackRD "73"]
[GameID "344978"]

1. e4 e5 2. Nf3 d6 3. Bc4 Nf6 4. Qe2 Bg4 5. h3 Bxf3 6. Qxf3 Nbd7 7. a4 a6 8. Qb3 Nc5 9. Bxf7+ Ke7 10. Qa2 Nxa4
11. Qe6#
1-0

[Event "Nelson Mandela"]
[Site "SchemingMind.com"]
[Date "2014.01.10"]
[Round "-"]
[White "dadshane2000"]
[Black "James Reed"]
[Result "1-0"]
[WhiteCountry "USA"]
[BlackCountry "ENG"]
[WhiteElo "1944"]
[WhiteRD "81"]
[BlackElo "1420"]
[BlackRD "66"]
[GameID "345007"]

1. e4 c5 2. Nf3 d6 3. d4 cxd4 4. Nxd4 Nf6 5. Nc3 Bg4 6. f3 Bh5 7. Be3 e5 8. Nb3 Nc6 9. Qd2 a6 10. g4 Bg6
11. h4 h6 12. O-O-O Be7 13. h5 Bh7 14. g5 hxg5 15. Bxg5 Qd7 16. Bxf6 Bxf6 17. Nd5 Qd8 18. Nxf6+ Qxf6 19. Be2 O-O 20. Qxd6 Qxd6
21. Rxd6 Rfd8 22. Rxd8+ Rxd8 23. Rd1 f6 24. Rxd8+ Nxd8 25. Nc5 Kh8 26. Bc4 b5 27. Bd5 Bg8 28. Bxg8 Kxg8 29. Nxa6 Kh7 30. Nc5 Kh6
31. Kd2 Kxh5 32. Ke3 Nc6 33. c3 g5 34. Nd3 Kh4 35. Nf2 Kg3 36. Ng4 f5 37. exf5 Ne7 38. Ke4 Nc6 39. Nxe5 Ne7 40. f6 Ng6
41. Nxg6
1-0

[Event "Nelson Mandela"]
[Site "SchemingMind.com"]
[Date "2014.01.06"]
[Round "-"]
[White "Chessibelle"]
[Black "MazetaFighter"]
[Result "0-1"]
[WhiteCountry "ENG"]
[BlackCountry "GRE"]
[WhiteElo "1126"]
[WhiteRD "59"]
[BlackElo "2031"]
[BlackRD "71"]
[GameID "345008"]

1. Nf3 d5 2. d4 Nf6 3. Nc3 e6 4. Ne5 c5 5. Be3 c4 6. g3 Nbd7 7. Bf4 Bb4 8. Bd2 O-O 9. a3 Ba5 10. Bh3 Nxe5
11. dxe5 Nd7 12. f4 Nc5 13. e3 f6 14. O-O fxe5 15. fxe5 Bd7 16. Qe1 Qe7 17. Ne2 Bc7 18. Nf4 Bxe5 19. Ng2 Bxb2 20. Ra2 Be5
21. c3 Ne4 22. a4 Rxf1+ 23. Qxf1 Rf8 24. Qe2 Nf2 25. Qh5 Nxh3+ 26. Qxh3 Qf6 27. Nf4 g5 28. Qg4 Kh8 29. Ra1 gxf4 30. Rf1 Qg7
31. Qe2 fxg3 32. Kg2 gxh2+ 33. Kh1 Rxf1+ 34. Qxf1 d4 35. cxd4 Bc6+
0-1

[Event "Nelson Mandela"]
[Site "SchemingMind.com"]
[Date "2014.01.10"]
[Round "-"]
[White "James Reed"]
[Black "dadshane2000"]
[Result "0-1"]
[WhiteCountry "ENG"]
[BlackCountry "USA"]
[WhiteElo "1420"]
[WhiteRD "66"]
[BlackElo "1944"]
[BlackRD "81"]
[GameID "345009"]

1. e4 c5 2. Nf3 d6 3. d4 cxd4 4. Nxd4 Nf6 5. Bd3 g6 6. h3 Bg7 7. Bg5 O-O 8. O-O Bd7 9. Re1 Nc6 10. Nxc6 bxc6
11. Nc3 h6 12. Bxf6 Bxf6 13. Qd2 Bg7 14. a3 f5 15. Bc4+ Kh7 16. Rab1 fxe4 17. Nxe4 d5 18. Bxd5 cxd5 19. Nc5 Bc8 20. c3 Qd6
21. Nb3 e5 22. Rbc1 h5 23. c4 Be6 24. Qe2 dxc4 25. Nd2 Rac8 26. Nxc4 Bxc4 27. Qxc4 Rxc4 28. Rxc4 Qd2 29. Rc7 Qxe1+ 30. Kh2 Rxf2
0-1

[Event "Nelson Mandela"]
[Site "SchemingMind.com"]
[Date "2014.01.05"]
[Round "-"]
[White "MazetaFighter"]
[Black "Chessibelle"]
[Result "1-0"]
[WhiteCountry "GRE"]
[BlackCountry "ENG"]
[WhiteElo "2031"]
[WhiteRD "71"]
[BlackElo "1126"]
[BlackRD "59"]
[GameID "345010"]

1. e4 e5 2. Nf3 Nc6 3. Bb5 Nf6 4. O-O Bc5 5. c3 a6 6. Ba4 b5 7. Bb3 O-O 8. d4 Bd6 9. Bg5 Be7 10. Nxe5 Bb7
11. Nxc6 Bxc6 12. d5 Bb7 13. e5 Ne4 14. Bxe7 Qxe7 15. Qd4 Ng5 16. Nd2 d6 17. exd6 cxd6 18. Rfe1 Qd7 19. h4 Nh3+ 20. gxh3 Qxh3
21. Re7 f6 22. Rxb7 Qf5 23. Qe4 Qh3 24. Qg2 Qf5 25. Qxg7#
1-0

[Event "Nelson Mandela"]
[Site "SchemingMind.com"]
[Date "2014.01.31"]
[Round "-"]
[White "ray winteringham"]
[Black "kenneth m day"]
[Result "0-1"]
[WhiteCountry "ENG"]
[BlackCountry "USA"]
[WhiteElo "1458"]
[WhiteRD "54"]
[BlackElo "1767"]
[BlackRD "48"]
[GameID "346833"]

1. e4 e5 2. Nf3 Nc6 3. Bb5 f5 4. d3 Nf6 5. Bg5 d6 6. Nc3 Be7 7. Bc4 fxe4 8. Bxf6 Bxf6 9. Nxe4 Bg4 10. h3 Bh5
11. c3 Qe7 12. Ned2 O-O-O 13. b4 Bf7 14. Bb5 Be8 15. Qa4 a6 16. Bxc6 Bxc6 17. Qb3 Rde8 18. O-O Qd7 19. a4 Kb8 20. Ra2 g5
21. Nh2 h5 22. Ne4 Bd8 23. Rfa1 Qe6 24. Qb2 Bxe4 25. dxe4 g4 26. f3 gxh3 27. g3 Rhg8 28. Kf2 Qg6 29. Rg1 Ref8 30. Qc1 Qxe4
31. Re2 Qc4 32. Qe3 Bg5 33. Qe4 Qxc3 34. Rc2 Qd4+ 35. Qxd4 exd4 36. f4 Bh6 37. Rgc1 Rf7 38. Kf3 h4
0-1

[Event "Nelson Mandela"]
[Site "SchemingMind.com"]
[Date "2014.01.31"]
[Round "-"]
[White "kenneth m day"]
[Black "ray winteringham"]
[Result "1-0"]
[WhiteCountry "USA"]
[BlackCountry "ENG"]
[WhiteElo "1756"]
[WhiteRD "49"]
[BlackElo "1447"]
[BlackRD "56"]
[GameID "346835"]

1. e4 e5 2. f4 exf4 3. Nf3 Bc5 4. d4 Bb6 5. Bxf4 Ne7 6. Nc3 d6 7. Qd2 Bg4 8. Be2 Ng6 9. Be3 O-O 10. O-O-O c5
11. dxc5 dxc5 12. Qxd8 Bxd8 13. Bxc5 Nf4 14. Bxf8 Kxf8 15. Rxd8+ Ke7 16. Rhd1
1-0

[Event "Nelson Mandela"]
[Site "SchemingMind.com"]
[Date "2014.02.06"]
[Round "-"]
[White "Scooter"]
[Black "Don71"]
[Result "0-1"]
[WhiteCountry "USA"]
[BlackCountry "NIR"]
[WhiteElo "1731"]
[WhiteRD "46"]
[BlackElo "2256"]
[BlackRD "98"]
[GameID "347324"]

1. d4 Nf6 2. Nf3 d5 3. Bf4 Nc6 4. e3 Nh5 5. Bg5 h6 6. Bh4 g5 7. Bg3 Nxg3 8. hxg3 g4 9. Nh2 f5 10. Bb5 Qd6
11. Nc3 Bd7 12. Qe2 O-O-O 13. O-O-O a6 14. Bxc6 Qxc6 15. f3 Rg8 16. f4 a5 17. Nf1 a4 18. a3 Bg7 19. Nd2 e6 20. Na2 Qb6
21. Nb4 c5 22. dxc5 Qxc5 23. Nd3 Qd6 24. Nb4 Qb6 25. Nd3 Bb5 26. c4 dxc4 27. Nb4 Bxb2+
0-1